Török Sándor kiállítása

Elmentve itt :
Bibliográfiai részletek
Szerző: Tandi Lajos
Dokumentumtípus: Cikk
Megjelent: 1975-09-07
Sorozat:Délmagyarország 64 No. 209
Kulcsszavak:Török Sándor
Online Access:http://dmarchiv.bibl.u-szeged.hu/101073
LEADER 00445nab a2200157 i 4500
001 delm101073
005 20190423142138.0
008 190423s1975 hu o 0|| hun d
040 |a SZTE Délmagyarország Archívum  |b hun 
041 |a hun 
100 1 |a Tandi Lajos 
245 1 0 |a Török Sándor kiállítása  |h [elektronikus dokumentum] /  |c  Tandi Lajos 
260 |c 1975-09-07 
300 |a 5 
490 0 |a Délmagyarország  |v 64 No. 209 
695 |a Török Sándor